[Event "WA Premier"]
[Site "Seattle"]
[Date "2007.02.18"]
[Round "7"]
[White "Guo, Alex"]
[Black "Ballard, Clint"]
[Result "0-1"]
[WhiteElo "1922"]
[BlackElo "1913"]
[PlyCount "116"]
[EventDate "2007.02.??"]
[SourceDate "2007.02.11"]

1. c4 f5 2. Nc3 Nf6 3. g3 g6 4. Bg2 Bg7 5. f4 c5 6. d3 d6 7. e3 Qb6 8. Nge2 Bd7
9. O-O h5 10. Rb1 e6 11. a3 Bc6 12. e4 h4 13. Na4 Qc7 14. b4 hxg3 15. hxg3 b6
16. bxc5 dxc5 17. Nac3 Qb7 18. Qc2 Ng4 19. Nb5 Ke7 20. Bb2 Bxb2 21. Qxb2 Rh7
22. Qd2 Nd7 23. Nbc3 Ndf6 24. Nd5+ Nxd5 25. cxd5 exd5 26. exf5 gxf5 27. d4 Rah8
28. Qd3 Rh5 29. Nc3 c4 30. Qd2 Kd8 31. Rfe1 Qh7 32. Kf1 Rh1+ 33. Ke2 Re8+ 34.
Kf3 Rhxe1 35. Rxe1 Nh2+ 36. Kf2 Ng4+ 37. Kf1 Rxe1+ 38. Qxe1 Qe7 39. Qxe7+ Kxe7
40. Ke2 Nf6 41. Nd1 Ne4 42. Bxe4 dxe4 43. Ne3 Ke6 44. Kd2 b5 45. Kc3 Bd7 46.
Kb4 Kd6 47. Ka5 Kc6 48. Kb4 Be6 49. Ka5 Bc8 50. Kb4 a6 51. Nc2 Kd5 52. Kc3 e3
53. Nxe3+ Ke4 54. Nc2 Kf3 55. Kd2 Bb7 56. Ne3 c3+ 57. Kd3 Be4+ 58. Kxc3 Kxe3
0-1

[Event "WA Premier"]
[Site "Seattle"]
[Date "2007.02.18"]
[Round "7"]
[White "Arganian, David"]
[Black "Cloy, Elston"]
[Result "1/2-1/2"]
[WhiteElo "2020"]
[BlackElo "1959"]
[PlyCount "196"]
[EventDate "2007.02.??"]
[SourceDate "2007.02.11"]

1. Nf3 d5 2. b3 Bg4 3. Ne5 Bf5 4. e3 Nd7 5. Nxd7 Qxd7 6. Bb2 f6 7. f4 O-O-O 8.
Be2 h5 9. d3 Nh6 10. h3 Nf7 11. Bxh5 e5 12. Bxf7 Qxf7 13. fxe5 fxe5 14. Rf1 Qe6
15. Qf3 Bg6 16. Qg4 Qxg4 17. hxg4 e4 18. d4 Rh4 19. Nc3 c6 20. O-O-O Rxg4 21.
Ne2 Bd6 22. g3 Bh5 23. c4 Bxg3 24. cxd5 cxd5 25. Nc3 Rh4 26. Rd2 Bf3 27. Ba3
Rh2 28. Rg1 Rh1 29. Rxh1 Bxh1 30. Rc2 Kb8 31. Be7 Rd7 32. Bg5 Bf3 33. Kd2 b6
34. Bf4+ Bxf4 35. exf4 g6 36. Ke3 Rc7 37. Kd2 Rh7 38. Nxd5 Rd7 39. Nb4 Rxd4+
40. Kc3 Rd6 41. Rd2 Re6 42. Nc2 Rf6 43. Kd4 Rxf4 44. Ke3 Rf6 45. Rd7 g5 46. Nd4
g4 47. Rg7 a6 48. a4 Kc8 49. b4 Kd8 50. b5 axb5 51. axb5 Ke8 52. Nc6 Kf8 53.
Rg5 Kf7 54. Ne5+ Ke6 55. Nxg4 Rf5 56. Rg6+ Kf7 57. Rxb6 Bxg4 58. Kxe4 Rc5 59.
Rc6 Rxb5 60. Ra6 Be6 61. Kd4 Rd5+ 62. Ke4 Kf6 63. Rb6 Rc5 64. Rb4 Rh5 65. Rb6
Rh4+ 66. Kd3 Ke5 67. Kc3 Rh3+ 68. Kd2 Bc4 69. Rb8 Kd4 70. Rd8+ Bd5 71. Rd7 Rh2+
72. Kd1 Kc4 73. Ke1 Kd4 74. Kd1 Ke4 75. Kc1 Bb3 76. Rd2 Rh3 77. Kb2 Bd5 78. Rc2
Kd4 79. Rd2+ Kc4 80. Rc2+ Kb4 81. Rd2 Bc4 82. Rf2 Rb3+ 83. Kc2 Rc3+ 84. Kb2 Ra3
85. Rd2 Bd3 86. Kc1 Kc3 87. Rc2+ Kd4 88. Rh2 Ra1+ 89. Kb2 Rb1+ 90. Ka2 Kc3 91.
Rh8 Rb2+ 92. Ka1 Rb6 93. Rh2 Ra6+ 94. Ra2 Re6 95. Ra3+ Kc2 96. Ra2+ Kc1 97. Rb2
Bc4 98. Rc2+ Kxc2 1/2-1/2

[Event "WA Premier"]
[Site "Seattle"]
[Date "2007.02.18"]
[Round "8"]
[White "Gale, Geoff"]
[Black "Smith, Allen"]
[Result "1-0"]
[WhiteElo "1964"]
[BlackElo "1816"]
[PlyCount "57"]
[EventDate "2007.02.??"]
[SourceDate "2007.02.11"]

1. e4 c5 2. Nf3 e6 3. d4 cxd4 4. Nxd4 a6 5. Nc3 Qc7 6. Bd3 g6 7. Be3 Bg7 8. O-O
Nf6 9. f4 d6 10. g4 e5 11. g5 Ng4 12. Nd5 Qd8 13. Nf5 gxf5 14. Bb6 Qd7 15. exf5
h5 16. h3 exf4 17. hxg4 hxg4 18. f6 g3 19. Re1+ Kf8 20. fxg7+ Kxg7 21. Bd4+ Kf8
22. Bxh8 Qh3 23. Qe2 Be6 24. g6 Qxh8 25. Nxf4 Nc6 26. Nxe6+ fxe6 27. Rf1+ Ke7
28. Rf7+ Kd8 29. g7 1-0

[Event "WA Premier"]
[Site "Seattle"]
[Date "2007.02.11"]
[Round "3"]
[White "Guo, Alex"]
[Black "Sinanan, Josh"]
[Result "0-1"]
[WhiteElo "1922"]
[BlackElo "2088"]
[PlyCount "108"]
[EventDate "2007.02.??"]
[SourceDate "2007.02.11"]

1. c4 Nf6 2. Nc3 e6 3. e4 c5 4. e5 Ng8 5. Nf3 Nc6 6. d4 cxd4 7. Nxd4 Bc5 8.
Nxc6 bxc6 9. Be3 Bxe3 10. fxe3 Qg5 11. Qd4 f6 12. Ne4 Qxe5 13. Nd6+ Ke7 14.
Qxe5 fxe5 15. c5 Nf6 16. Be2 a5 17. g4 h6 18. Nc4 e4 19. Ne5 Rg8 20. h4 g5 21.
hxg5 Rxg5 22. Nc4 Rxc5 23. Rxh6 Ba6 24. Nd2 Bxe2 25. Kxe2 d5 26. g5 Ng4 27.
Rh7+ Kd6 28. Rg1 Ne5 29. g6 Rg8 30. g7 Rb5 31. Rh8 Rbb8 32. Rh2 Rxb2 33. Kd1
Ke7 34. Rg5 Rxd2+ 35. Rxd2 Nf3 36. Rgg2 Nxd2 37. Kxd2 Kf6 38. Rf2+ Kxg7 39. Kc3
c5 40. Rb2 Kf6 41. Rb5 c4 42. Rxa5 Ke5 43. a4 Rg3 44. Kd2 Rg2+ 45. Kd1 Ra2 46.
Ra8 Kd6 47. a5 Kc5 48. a6 Kb4 49. Kc1 Kc3 50. Kb1 Ra4 51. Ra7 Kd2 52. Rb7 c3
53. Rc7 Rxa6 54. Rc5 Rb6+ 0-1

[Event "WA Championship"]
[Site "Seattle"]
[Date "2007.02.19"]
[Round "9"]
[White "Lee, Michael"]
[Black "Readey, John"]
[Result "1-0"]
[WhiteElo "2202"]
[BlackElo "2336"]
[PlyCount "75"]
[EventDate "2007.02.??"]
[SourceDate "2007.02.11"]

1. c4 g6 2. Nc3 Bg7 3. g3 d6 4. Bg2 Nf6 5. e4 O-O 6. Nge2 c6 7. O-O a6 8. a4 a5
9. f4 Na6 10. h3 Nb4 11. d4 d5 12. cxd5 cxd5 13. e5 Ne8 14. b3 Nc7 15. Ba3 Nca6
16. Na2 Nc6 17. Rb1 Bf5 18. Rb2 Qd7 19. g4 Be6 20. b4 axb4 21. Bxb4 f5 22. g5
Naxb4 23. Nxb4 Rfc8 24. Nd3 b6 25. Rxb6 Qa7 26. Qb1 Bf7 27. Rc1 Qxa4 28. Nb2
Qa2 29. Qxa2 Rxa2 30. Kf1 Na7 31. Rxc8+ Nxc8 32. Rb8 Bf8 33. Nc1 Rxb2 34. Rxb2
e6 35. Nd3 Ne7 36. Rb6 Be8 37. Rxe6 Bb5 38. Ke2 1-0

[Event "WA Championship"]
[Site "Seattle"]
[Date "2007.02.19"]
[Round "9"]
[White "Koons, Nat"]
[Black "Bartron, Paul"]
[Result "1-0"]
[WhiteElo "2280"]
[BlackElo "2110"]
[PlyCount "51"]
[EventDate "2007.02.??"]
[SourceDate "2007.02.11"]

1. d4 d5 2. c4 e6 3. Nc3 Nf6 4. Nf3 c6 5. Bg5 Nbd7 6. e3 Qa5 7. cxd5 exd5 8.
Bd3 Ne4 9. O-O f5 10. Qb3 Qb6 11. Qc2 Bd6 12. Bf4 Bxf4 13. exf4 O-O 14. Na4 Qc7
15. Ne5 Ndf6 16. f3 Nd6 17. Rfe1 Bd7 18. Nc5 Bc8 19. Rac1 g6 20. Qc3 Re8 21.
Re2 Bd7 22. Qb4 Rac8 23. Rce1 a5 24. Qa3 Kg7 25. Nexd7 Rxe2 26. Rxe2 1-0

[Event "WA Championship"]
[Site "Seattle"]
[Date "2007.02.19"]
[Round "9"]
[White "Collyer, Curt"]
[Black "Bragg, David"]
[Result "1/2-1/2"]
[WhiteElo "2218"]
[BlackElo "2205"]
[PlyCount "94"]
[EventDate "2007.02.??"]
[SourceDate "2007.02.11"]

1. Nf3 g6 2. d4 Bg7 3. c4 Nf6 4. Nc3 O-O 5. Bg5 d6 6. e3 h6 7. Bh4 c5 8. d5 Bf5
9. Nd2 g5 10. Bg3 Bg6 11. Be2 Qb6 12. Qc1 Nbd7 13. O-O Nh5 14. f4 gxf4 15. exf4
Nxg3 16. hxg3 e6 17. Nf3 exd5 18. Nxd5 Qd8 19. Nh4 Re8 20. Bf3 Bd3 21. Rd1 Bh7
22. Qd2 Nb8 23. Re1 Rxe1+ 24. Rxe1 Nc6 25. b3 Qd7 26. Kh2 Re8 27. Bg4 Qd8 28.
Bf5 Nd4 29. Bxh7+ Kxh7 30. Qd3+ Kg8 31. Rxe8+ Qxe8 32. Nf5 Qe6 33. Nfe3 Kf8 34.
Kh1 Qg6 35. Qxg6 fxg6 36. Kh2 Kf7 37. g4 Ne2 38. Nd1 Bd4 39. g3 a6 40. Kg2 b5
41. Kf3 Nc1 42. cxb5 axb5 43. a4 bxa4 44. bxa4 Nb3 45. Ke4 Na5 46. N1c3 Bf2 47.
Nb5 Bxg3 1/2-1/2

[Event "WA Championship"]
[Site "Seattle"]
[Date "2007.02.19"]
[Round "9"]
[White "Perez, Ignacio"]
[Black "Pupols, Viktors"]
[Result "1-0"]
[WhiteElo "2239"]
[BlackElo "2237"]
[PlyCount "193"]
[EventDate "2007.02.??"]
[SourceDate "2007.02.11"]

1. e4 e5 2. Nf3 Nc6 3. Bb5 a6 4. Ba4 Nf6 5. O-O Be7 6. Re1 b5 7. Bb3 O-O 8. h3
d6 9. c3 Na5 10. Bc2 c5 11. d4 Qc7 12. Nbd2 cxd4 13. cxd4 Nc6 14. d5 Nb4 15.
Bb1 a5 16. a3 Na6 17. b4 Bd7 18. Qb3 Rac8 19. Bb2 a4 20. Qd1 g6 21. Nf1 Nh5 22.
Bc1 Ng7 23. Ng3 Qb7 24. Bh6 Nc7 25. Ra2 Nce8 26. Bd3 Nf6 27. Rc2 Rxc2 28. Qxc2
Rc8 29. Qd2 Nfe8 30. Rc1 Rb8 31. Rc3 Bd8 32. Kh2 Bb6 33. Qe2 Qa7 34. Rc2 f5 35.
Ng5 f4 36. Nf1 Bd8 37. Nd2 Qb6 38. Nb1 Bf6 39. Nc3 Qd8 40. Nf3 Nc7 41. Bxg7
Kxg7 42. Qd1 Ne8 43. Kg1 h5 44. Qe2 Qb6 45. Kf1 Kh7 46. Ke1 g5 47. Nxg5+ Kh6
48. Ne6 Ng7 49. Nxg7 Bxg7 50. Kd1 Bf6 51. Kc1 Bg5 52. Kb1 h4 53. Qf3 Be8 54.
Be2 Qd8 55. Nd1 Rc8 56. Qg4 Rxc2 57. Qe6+ Bg6 58. Kxc2 f3 59. gxf3 Qc7+ 60. Nc3
Qb6 61. Qd7 Qd4 62. Qc6 Qd2+ 63. Kb1 Qc1+ 64. Ka2 Qc2+ 65. Ka1 Qc1+ 66. Nb1 Qe1
67. Qxb5 Qxf2 68. Qd3 Be3 69. Kb2 Bd4+ 70. Kc2 Be8 71. Nc3 Bd7 72. Qd2+ Kg6 73.
Nb5 Bxh3 74. Nxd4 Qxd4 75. Qxd4 exd4 76. b5 Kg5 77. b6 Bc8 78. Bf1 Kf4 79. Bh3
Ba6 80. Kd2 Ke5 81. Bf1 Bc8 82. Ke1 Kf4 83. Kf2 Ke5 84. Bb5 Kf4 85. Bxa4 d3 86.
Bd1 h3 87. a4 Ba6 88. Bb3 d2 89. e5 Kxe5 90. Kg3 Kd4 91. Kxh3 Bc4 92. Bd1 Bxd5
93. a5 Kc5 94. Be2 Kc6 {Here black made claim of draw because of insufficient
losing chances. The TD ruled for game to continue with time delay clock.} 95.
f4 Kb7 96. f5 Bb3 97. f6 1-0

[Event "WA Premier"]
[Site "Seattle"]
[Date "2007.02.19"]
[Round "9"]
[White "Sinanan, Josh"]
[Black "May, Andy"]
[Result "1/2-1/2"]
[WhiteElo "2088"]
[BlackElo "2019"]
[PlyCount "39"]
[EventDate "2007.02.??"]
[SourceDate "2007.02.11"]

1. d4 Nf6 2. Nf3 e6 3. c4 b6 4. g3 Bb7 5. Bg2 Bb4+ 6. Bd2 a5 7. a3 Bxd2+ 8.
Qxd2 d6 9. Nc3 Ne4 10. Nxe4 Bxe4 11. Qf4 f5 12. O-O O-O 13. Ng5 Bxg2 14. Kxg2
Qf6 15. d5 e5 16. Qd2 Nd7 17. Ne6 Rfc8 18. b4 Nf8 19. Nxf8 Qxf8 20. Rac1
1/2-1/2

[Event "WA Premier"]
[Site "Seattle"]
[Date "2007.02.19"]
[Round "9"]
[White "Arganian, David"]
[Black "Ballard, Clint"]
[Result "1-0"]
[WhiteElo "2020"]
[BlackElo "1913"]
[PlyCount "107"]
[EventDate "2007.02.??"]
[SourceDate "2007.02.11"]

1. e4 e6 2. d4 d5 3. Nc3 Bb4 4. Nge2 dxe4 5. a3 Bxc3+ 6. Nxc3 f5 7. f3 exf3 8.
Qxf3 Qh4+ 9. g3 Qxd4 10. Be3 Qg4 11. Qf2 Nf6 12. Be2 Qg6 13. O-O-O Bd7 14. Bf4
O-O 15. Bxc7 Bc6 16. Rhe1 Ne4 17. Nxe4 Bxe4 18. Bd3 Bd5 19. Kb1 Qf7 20. Bd6 Rd8
21. Qf4 Nd7 22. g4 e5 23. Bxe5 Nxe5 24. Rxe5 Be4 25. gxf5 Bxd3 26. Rxd3 Rxd3
27. cxd3 Rc8 28. Qe4 h5 29. Re7 Qb3 30. Re8+ Rxe8 31. Qxe8+ Kh7 32. Qxh5+ Kg8
33. Qe8+ Kh7 34. Qe4 Kh8 35. h4 a5 36. Qc4 Qd1+ 37. Ka2 a4 38. d4 b5 39. Qb4
Qd3 40. f6 gxf6 41. Qf8+ Kh7 42. Qf7+ Kh8 43. Qxf6+ Kg8 44. Qe6+ Kh8 45. Qd5
Kh7 46. Qd7+ Kh8 47. Qc8+ Kh7 48. Qc3 Qf5 49. Qc7+ Kg8 50. Qd8+ Kh7 51. Qe7+
Kh6 52. Qg5+ Qxg5 53. hxg5+ Kxg5 54. Kb1 1-0

[Event "WA Premier"]
[Site "Seattle"]
[Date "2007.02.19"]
[Round "9"]
[White "Calpo, Benjamin"]
[Black "Kalina, Chris"]
[Result "1-0"]
[WhiteElo "2008"]
[BlackElo "1954"]
[PlyCount "87"]
[EventDate "2007.02.??"]
[SourceDate "2007.02.11"]

1. e4 c5 2. Nf3 d6 3. d4 cxd4 4. Nxd4 Nf6 5. Nc3 g6 6. Bc4 Bg7 7. f3 O-O 8. Be3
Nc6 9. Qd2 Qa5 10. Bb3 Bd7 11. O-O-O Rfc8 12. Kb1 Ne5 13. h4 Rab8 14. h5 Rxc3
15. Qxc3 Qxc3 16. bxc3 Nxh5 17. Ne2 a5 18. a3 b5 19. Bd4 Bc6 20. g4 Nf6 21. g5
Nfd7 22. Rh3 Nf8 23. Kc1 Bd7 24. Rg3 h5 25. f4 Nc4 26. Bxc4 bxc4 27. Rf1 Bc6
28. e5 dxe5 29. fxe5 Ne6 30. Nf4 Nxf4 31. Rxf4 Bd5 32. Re3 Rb5 33. Re1 Be6 34.
a4 Rd5 35. Kb2 Kf8 36. Rfe4 Rd8 37. Rb1 Rb8+ 38. Kc1 Rxb1+ 39. Kxb1 Bd5 40. Rh4
Bc6 41. Rf4 Bd5 42. Kc1 e6 43. Bc5+ Ke8 44. Bd6 1-0

[Event "WA Premier"]
[Site "Seattle"]
[Date "2007.02.19"]
[Round "9"]
[White "Guo, Alex"]
[Black "Gale, Geoff"]
[Result "1-0"]
[WhiteElo "1922"]
[BlackElo "1964"]
[PlyCount "61"]
[EventDate "2007.02.??"]
[SourceDate "2007.02.11"]

1. c4 e6 2. Nc3 d5 3. cxd5 exd5 4. d4 c6 5. Nf3 Bf5 6. g3 Nf6 7. Bg2 Bd6 8. O-O
O-O 9. Bf4 Bxf4 10. gxf4 Re8 11. Ne5 Qe7 12. f3 Nh5 13. e4 Bd7 14. f5 Nf4 15.
Rf2 c5 16. Nd3 Nxd3 17. Qxd3 Bc6 18. exd5 Bd7 19. dxc5 Qxc5 20. Ne4 Qb6 21. f6
Bb5 22. Qd2 Nd7 23. a4 Ba6 24. a5 Qd8 25. fxg7 Nf6 26. Rd1 Nh5 27. Qh6 Qh4 28.
Ng5 Bd3 29. Rxd3 Re1+ 30. Rf1 Rxf1+ 31. Bxf1 1-0